Gardfield Gets Real (Record no. 15365)
[ view plain ]
| 000 -LEADER | |
|---|---|
| fixed length control field | 02208ngm a22003617a 4500 |
| 003 - CONTROL NUMBER IDENTIFIER | |
| control field | dpl |
| 005 - DATE AND TIME OF LATEST TRANSACTION | |
| control field | 2008090303483.0 |
| 007 - PHYSICAL DESCRIPTION FIXED FIELD--GENERAL INFORMATION | |
| fixed length control field | DVD |
| 008 - FIXED-LENGTH DATA ELEMENTS--GENERAL INFORMATION | |
| fixed length control field | 050907s2005 cau105 g 00| 0 eng d |
| 010 ## - LIBRARY OF CONGRESS CONTROL NUMBER | |
| LC control number | DVD-000248-250 |
| 024 ## - OTHER STANDARD IDENTIFIER | |
| Standard number or code | 36355 |
| 035 ## - SYSTEM CONTROL NUMBER | |
| System control number | DVD-000248-250 |
| 040 ## - CATALOGING SOURCE | |
| Original cataloging agency | DPL |
| Transcribing agency | DPL |
| 092 ## - LOCALLY ASSIGNED DEWEY CALL NUMBER (OCLC) | |
| Classification number | DVD / FLIG |
| 245 ## - TITLE STATEMENT | |
| Title | Gardfield Gets Real |
| Medium | [Video-recording] DVD/ |
| Statement of responsibility, etc | The Simpsons Movie |
| 260 ## - PUBLICATION, DISTRIBUTION, ETC. (IMPRINT) | |
| Name of publisher, distributor, etc | Excel Productions Audio Visual Pvt. Ltd |
| Date of publication, distribution, etc | c2005. |
| 300 ## - PHYSICAL DESCRIPTION | |
| Extent | [1 videodisc DVD] (74 Min.) |
| Other physical details | sd., col. ; |
| Dimensions | 4-3/4 in. |
| Type of unit | DVD |
| 500 ## - GENERAL NOTE | |
| General note | See Garfield as Never Before in His All New CGI Feature Length Movie |
| 500 ## - GENERAL NOTE | |
| General note | Distributor in India Excel Production Audiovisuals Pvt. Ltd. Mumbai |
| 520 ## - SUMMARY, ETC. | |
| Summary, etc | After exposure to cosmic radiation, four astronauts become the most remarkable, if not most dysfunctional, superheroes of all time. Reed Richards is the leader of the group and gains the ability to stretch all parts of his body, he takes the name Mr. Fant |
| 521 ## - TARGET AUDIENCE NOTE | |
| Target audience note | MPAA rating: PG-13; for sequences of intense action, and some suggestive content. |
| 538 ## - SYSTEM DETAILS NOTE | |
| System details note | Dolby Digital 5.1,- English, Russain, Hungarian, Thai Subtitles English,Hungarian, Russian, Serbian |
| 538 ## - SYSTEM DETAILS NOTE | |
| System details note | Aspect Ratio 2:35:1, Presentation Type: Wide Screen, Presentation Size: 16x9, DVD 9 Dual Layer Single Sided Disc Layer Transition May Trigger a Slight Pause |
| 546 ## - LANGUAGE NOTE | |
| Language note | Closed-captioned for the hearing impaired. |
| 655 ## - INDEX TERM--GENRE/FORM | |
| Genre/form data or focus term | Described verbally for the visually impaired. |
| 710 ## - ADDED ENTRY--CORPORATE NAME | |
| Corporate name or jurisdiction name as entry element | Twentieth Century Fox Home Entertainment, Inc. |
| 710 ## - ADDED ENTRY--CORPORATE NAME | |
| Corporate name or jurisdiction name as entry element | DVS Home Video (Firm) |
| 942 ## - ADDED ENTRY ELEMENTS (KOHA) | |
| Koha item type | CD-ROMs, DVDs, VHS |
| Source of classification or shelving scheme | Dewey Decimal Classification |
| Classification part | DVD |
| Call number suffix | GARF |
| Withdrawn status | Lost status | Source of classification or shelving scheme | Damaged status | Not for loan | Home library | Current library | Date acquired | Source of acquisition | Cost, normal purchase price | Total Checkouts | Full call number | Barcode | Date last seen | Date checked out | Copy number | Cost, replacement price | Price effective from | Koha item type |
|---|---|---|---|---|---|---|---|---|---|---|---|---|---|---|---|---|---|---|
| Dewey Decimal Classification | Central Library | Central Library | 05/09/2008 | Purchase | 499.00 | 8 | DVD GARF | DVD-000248 | 23/07/2016 | 09/07/2016 | 1 | 499.00 | 15/09/2008 | CD-ROMs, DVDs, VHS | ||||
| Dewey Decimal Classification | Patel Nagar | Patel Nagar | 05/09/2008 | Purchase | 499.00 | 12 | DVD GARF | DVD-000250 | 28/02/2013 | 28/01/2013 | 1 | 499.00 | 15/09/2008 | CD-ROMs, DVDs, VHS | ||||
| Dewey Decimal Classification | Sarojini Nagar | Sarojini Nagar | 05/09/2008 | Purchase | 499.00 | 12 | DVD GARF | DVD-000249 | 31/12/2011 | 16/12/2011 | 1 | 499.00 | 15/09/2008 | CD-ROMs, DVDs, VHS |
